[Event "Olomouc Chess Summer 2022 - B2"]
[Site "Olomouc (CZE), Hotel Flora"]
[Date "2022.08.16"]
[Round "5"]
[Board "1"]
[White "Saypuri, Srithan"]
[Black "Obsivac, Josef"]
[Result "1-0"]
[WhiteElo "2045"]
[BlackElo "2284"]
[PlyCount "0"]
[EventDate "2022.08.13"]
[EventRounds "9"]
[EventCountry "CZE"]

1. e4 {[%clk 1:28:09]} c5 {[%clk 1:30:52]} 2. Nf3 {[%clk 1:28:35]} Nc6
{[%clk 1:31:13]} 3. Bb5 {[%clk 1:29:00]} g6 {[%clk 1:31:17]} 4. O-O
{[%clk 1:29:22]} Bg7 {[%clk 1:31:25]} 5. c3 {[%clk 1:29:47]} Nf6 {[%clk 1:31:04]}
6. Re1 {[%clk 1:30:08]} O-O {[%clk 1:30:24]} 7. h3 {[%clk 1:28:24]} Qb6
{[%clk 1:15:59]} 8. a4 {[%clk 1:28:28]} a6 {[%clk 1:05:26]} 9. Bxc6
{[%clk 1:28:51]} Qxc6 {[%clk 1:05:51]} 10. d4 {[%clk 1:26:40]} d5
{[%clk 0:58:04]} 11. e5 {[%clk 1:11:44]} Ne4 {[%clk 0:57:58]} 12. Nbd2
{[%clk 1:00:28]} Nxd2 {[%clk 0:54:10]} 13. Nxd2 {[%clk 0:59:18]} c4
{[%clk 0:46:40]} 14. a5 {[%clk 0:58:28]} Bf5 {[%clk 0:43:05]} 15. b3
{[%clk 0:30:44]} Bd3 {[%clk 0:37:44]} 16. bxc4 {[%clk 0:30:11]} Bxc4
{[%clk 0:37:54]} 17. Ba3 {[%clk 0:28:17]} Rfe8 {[%clk 0:37:49]} 18. Nxc4
{[%clk 0:26:57]} Qxc4 {[%clk 0:37:01]} 19. Bc5 {[%clk 0:26:47]} Bh6
{[%clk 0:23:09]} 20. Qc2 {[%clk 0:25:27]} Qb5 {[%clk 0:22:14]} 21. Reb1
{[%clk 0:25:14]} Qd7 {[%clk 0:22:32]} 22. Rb6 {[%clk 0:25:37]} Rac8
{[%clk 0:22:16]} 23. Rab1 {[%clk 0:25:05]} Rc7 {[%clk 0:22:05]} 24. Qb3
{[%clk 0:25:06]} Rc6 {[%clk 0:11:52]} 25. Rxb7 {[%clk 0:23:47]} Qe6
{[%clk 0:12:19]} 26. Rb8 {[%clk 0:22:29]} Rxb8 {[%clk 0:12:07]} 27. Qxb8+
{[%clk 0:22:54]} Kg7 {[%clk 0:12:32]} 28. Qb7 {[%clk 0:16:39]} Qf5
{[%clk 0:07:12]} 29. Bxe7 {[%clk 0:15:36]} Rxc3 {[%clk 0:04:01]} 30. Bf6+
{[%clk 0:14:54]} Kg8 {[%clk 0:04:28]} 31. g4 {[%clk 0:14:16]} Qxb1+
{[%clk 0:03:10]} 32. Qxb1 {[%clk 0:14:43]} Rc1+ {[%clk 0:03:33]} 33. Qxc1
{[%clk 0:15:10]} Bxc1 {[%clk 0:03:57]} 34. Bd8 {[%clk 0:15:14]} Kf8
{[%clk 0:04:09]} 35. h4 {[%clk 0:11:40]} Ke8 {[%clk 0:03:43]} 36. Bb6
{[%clk 0:11:52]} Kd7 {[%clk 0:03:11]} 37. Kg2 {[%clk 0:12:01]} h5
{[%clk 0:01:39]} 38. Kg3 {[%clk 0:11:21]} Ke6 {[%clk 0:01:42]} 39. Kf3
{[%clk 0:10:43]} Bd2 {[%clk 0:01:42]} 40. Ke2 {[%clk 0:10:06]} Bc1
{[%clk 0:01:33]} 41. f3 {[%clk 0:08:09]} Bb2 {[%clk 0:01:42]} 42. Kd2
{[%clk 0:04:09]} Kd7 {[%clk 0:21:45]} 43. Bc5 {[%clk 0:31:44]} Ke6
{[%clk 0:21:22]} 44. Kc2 {[%clk 0:21:47]} Ba1 {[%clk 0:21:44]} 45. Bb6
{[%clk 0:21:35]} Kd7 {[%clk 0:21:41]} 46. Kb3 {[%clk 0:21:21]} Ke6
{[%clk 0:15:43]} 47. Ba7 {[%clk 0:11:37]} Kd7 {[%clk 0:15:41]} 48. Kb4
{[%clk 0:11:30]} Ke6 {[%clk 0:10:15]} 49. Kb3 {[%clk 0:09:10]} Kd7
{[%clk 0:10:35]} 50. Bc5 {[%clk 0:09:19]} Ke6 {[%clk 0:10:50]} 51. Bb6
{[%clk 0:09:43]} Kd7 {[%clk 0:11:02]} 52. Kb4 {[%clk 0:09:50]} Ke6
{[%clk 0:07:17]} 53. Kc5 {[%clk 0:09:09]} Bc3 {[%clk 0:07:42]} 54. gxh5
{[%clk 0:04:46]} gxh5 {[%clk 0:08:10]} 55. Kc6 {[%clk 0:04:07]} Be1
{[%clk 0:07:01]} 56. Kb7 {[%clk 0:04:26]} Bxh4 {[%clk 0:06:54]} 57. Kxa6
{[%clk 0:04:53]} Be1 {[%clk 0:01:33]} 58. Kb7 {[%clk 0:05:19]}  1-0

[Event "Olomouc Chess Summer 2022 - B2"]
[Site "Olomouc (CZE), Hotel Flora"]
[Date "2022.08.16"]
[Round "5"]
[Board "3"]
[White "Biolek, Richard"]
[Black "Nemec, Jachym"]
[Result "1/2-1/2"]
[WhiteElo "2402"]
[BlackElo "2341"]
[PlyCount "0"]
[EventDate "2022.08.13"]
[EventRounds "9"]
[EventCountry "CZE"]

1. d4 {[%clk 1:30:55]} Nf6 {[%clk 1:30:55]} 2. Nf3 {[%clk 1:30:36]} g6
{[%clk 1:31:19]} 3. g3 {[%clk 1:29:41]} Bg7 {[%clk 1:31:43]} 4. Bg2
{[%clk 1:30:02]} d5 {[%clk 1:32:09]} 5. O-O {[%clk 1:27:09]} O-O {[%clk 1:32:34]}
6. Nbd2 {[%clk 1:27:10]} c6 {[%clk 1:31:17]} 7. c4 {[%clk 1:24:01]} Bf5
{[%clk 1:25:14]} 8. b3 {[%clk 1:19:27]} Qa5 {[%clk 1:16:09]} 9. Bb2
{[%clk 1:14:56]} Ne4 {[%clk 1:16:28]} 10. Nxe4 {[%clk 1:09:53]} Bxe4
{[%clk 1:16:37]} 11. Qc1 {[%clk 1:01:56]} Nd7 {[%clk 1:14:40]} 12. Qe3
{[%clk 0:57:25]} Qb6 {[%clk 1:12:36]} 13. Bh3 {[%clk 0:46:26]} Nf6
{[%clk 1:04:52]} 14. Ne5 {[%clk 0:43:22]} Bf5 {[%clk 0:59:49]} 15. Bg2
{[%clk 0:42:43]} Rfe8 {[%clk 0:58:25]} 16. Rfc1 {[%clk 0:40:51]} Rad8
{[%clk 0:54:56]} 17. Bc3 {[%clk 0:30:09]} Ne4 {[%clk 0:45:49]} 18. cxd5
{[%clk 0:10:06]} cxd5 {[%clk 0:41:49]} 19. Bxe4 {[%clk 0:07:24]} dxe4
{[%clk 0:41:04]} 20. Rd1 {[%clk 0:06:29]} Bxe5 {[%clk 0:27:25]}  1/2-1/2

[Event "Olomouc Chess Summer 2022 - B2"]
[Site "Olomouc (CZE), Hotel Flora"]
[Date "2022.08.16"]
[Round "5"]
[Board "4"]
[White "Wiley, Tom E"]
[Black "Mica, Marek"]
[Result "1/2-1/2"]
[WhiteElo "2169"]
[BlackElo "2297"]
[PlyCount "0"]
[EventDate "2022.08.13"]
[EventRounds "9"]
[EventCountry "CZE"]

1. d4 {[%clk 1:30:58]} Nf6 {[%clk 1:29:40]} 2. c4 {[%clk 1:31:15]} e6
{[%clk 1:30:00]} 3. Nc3 {[%clk 1:31:38]} d5 {[%clk 1:28:16]} 4. cxd5
{[%clk 1:31:53]} exd5 {[%clk 1:28:36]} 5. Bg5 {[%clk 1:32:11]} Bb4
{[%clk 1:28:22]} 6. e3 {[%clk 1:29:20]} h6 {[%clk 1:28:29]} 7. Bxf6
{[%clk 1:26:47]} Qxf6 {[%clk 1:28:41]} 8. Qb3 {[%clk 1:27:03]} Qd6
{[%clk 1:27:33]} 9. a3 {[%clk 1:24:14]} Bxc3+ {[%clk 1:25:21]} 10. Qxc3
{[%clk 1:24:20]} c6 {[%clk 1:22:21]} 11. Bd3 {[%clk 1:24:02]} Nd7
{[%clk 1:19:22]} 12. Nf3 {[%clk 1:22:06]} Nb6 {[%clk 1:08:29]} 13. O-O
{[%clk 1:16:43]} O-O {[%clk 1:07:44]} 14. b4 {[%clk 1:07:14]} a6 {[%clk 1:05:43]}
15. a4 {[%clk 1:06:31]} Be6 {[%clk 1:03:58]} 16. Nd2 {[%clk 0:54:35]} Nd7
{[%clk 0:55:35]} 17. Nb3 {[%clk 0:52:42]} b6 {[%clk 0:52:50]} 18. a5
{[%clk 0:49:39]} b5 {[%clk 0:52:55]} 19. Rac1 {[%clk 0:49:48]} Rac8
{[%clk 0:53:04]} 20. Nc5 {[%clk 0:49:29]} Nxc5 {[%clk 0:52:23]} 21. Qxc5
{[%clk 0:49:48]} Qxc5 {[%clk 0:47:02]} 22. Rxc5 {[%clk 0:50:07]} Rfd8
{[%clk 0:46:55]} 23. Rfc1 {[%clk 0:45:28]} Rd6 {[%clk 0:45:40]} 24. f3
{[%clk 0:44:47]} f5 {[%clk 0:44:17]} 25. Kf2 {[%clk 0:40:56]} Bd7
{[%clk 0:43:33]} 26. h4 {[%clk 0:29:47]} g6 {[%clk 0:40:40]} 27. Rh1
{[%clk 0:28:16]} Kg7 {[%clk 0:40:32]} 28. Rcc1 {[%clk 0:26:27]} Re8
{[%clk 0:39:35]}  1/2-1/2

[Event "Olomouc Chess Summer 2022 - B2"]
[Site "Olomouc (CZE), Hotel Flora"]
[Date "2022.08.16"]
[Round "5"]
[Board "5"]
[White "Camarena Jimenez, Rufino"]
[Black "Shubin, Daniel"]
[Result "1-0"]
[WhiteElo "2308"]
[BlackElo "2206"]
[PlyCount "0"]
[EventDate "2022.08.13"]
[EventRounds "9"]
[EventCountry "CZE"]

1. d4 {[%clk 1:30:52]} d5 {[%clk 1:30:34]} 2. c4 {[%clk 1:31:13]} e6
{[%clk 1:31:01]} 3. Nc3 {[%clk 1:31:35]} Nf6 {[%clk 1:31:27]} 4. Bg5
{[%clk 1:31:56]} Nbd7 {[%clk 1:31:52]} 5. e3 {[%clk 1:32:18]} c6 {[%clk 1:32:13]}
6. Nf3 {[%clk 1:32:33]} Qa5 {[%clk 1:32:30]} 7. cxd5 {[%clk 1:32:46]} Nxd5
{[%clk 1:32:54]} 8. Qd2 {[%clk 1:33:10]} Bb4 {[%clk 1:33:02]} 9. Rc1
{[%clk 1:33:28]} h6 {[%clk 1:33:26]} 10. Bh4 {[%clk 1:33:52]} b6 {[%clk 1:32:50]}
11. Bd3 {[%clk 1:27:03]} Ba6 {[%clk 1:31:26]} 12. O-O {[%clk 1:26:19]} O-O
{[%clk 1:31:51]} 13. e4 {[%clk 1:22:57]} Nxc3 {[%clk 1:32:17]} 14. bxc3
{[%clk 1:22:37]} Ba3 {[%clk 1:32:43]} 15. Rcd1 {[%clk 1:17:43]} Bxd3
{[%clk 1:32:14]} 16. Qxd3 {[%clk 1:18:05]} b5 {[%clk 1:27:53]} 17. Rfe1
{[%clk 1:14:19]} Rac8 {[%clk 1:23:30]} 18. e5 {[%clk 1:07:13]} c5
{[%clk 1:08:55]} 19. Re4 {[%clk 0:52:25]} Bb2 {[%clk 1:05:53]} 20. Qb1
{[%clk 0:35:19]} Bxc3 {[%clk 1:01:39]} 21. Bf6 {[%clk 0:30:16]} Qb4
{[%clk 0:35:59]} 22. Qc1 {[%clk 0:23:29]} Bxd4 {[%clk 0:35:01]} 23. Qf4
{[%clk 0:18:46]} gxf6 {[%clk 0:20:48]} 24. Nxd4 {[%clk 0:17:19]} Nxe5
{[%clk 0:14:19]} 25. Nxe6 {[%clk 0:15:49]} Qb2 {[%clk 0:13:07]} 26. Nxf8
{[%clk 0:14:37]} Rd8 {[%clk 0:12:25]} 27. Rf1 {[%clk 0:11:55]} Qd2
{[%clk 0:10:54]} 28. Qxf6 {[%clk 0:11:48]}  1-0

[Event "Olomouc Chess Summer 2022 - B2"]
[Site "Olomouc (CZE), Hotel Flora"]
[Date "2022.08.17"]
[Round "6"]
[Board "2"]
[White "Mica, Marek"]
[Black "Camarena Jimenez, Rufino"]
[Result "0-1"]
[WhiteElo "2297"]
[BlackElo "2308"]
[PlyCount "0"]
[EventDate "2022.08.13"]
[EventRounds "9"]
[EventCountry "CZE"]

1. d4 {[%clk 1:30:23]} d5 {[%clk 1:30:49]} 2. Nf3 {[%clk 1:30:19]} Nf6
{[%clk 1:31:12]} 3. g3 {[%clk 1:26:15]} Bf5 {[%clk 1:29:28]} 4. Bg2
{[%clk 1:25:50]} h6 {[%clk 1:29:24]} 5. c4 {[%clk 1:25:20]} c6 {[%clk 1:29:41]}
6. O-O {[%clk 1:24:31]} e6 {[%clk 1:29:55]} 7. Nc3 {[%clk 1:23:56]} Nbd7
{[%clk 1:29:51]} 8. Nd2 {[%clk 1:20:15]} Be7 {[%clk 1:29:53]} 9. cxd5
{[%clk 1:12:10]} exd5 {[%clk 1:29:34]} 10. Nb3 {[%clk 1:11:29]} O-O
{[%clk 1:29:29]} 11. f3 {[%clk 1:10:38]} a5 {[%clk 1:16:43]} 12. a4
{[%clk 1:04:03]} Bb4 {[%clk 1:16:36]} 13. g4 {[%clk 0:58:44]} Bh7
{[%clk 1:15:21]} 14. Rf2 {[%clk 0:54:14]} Re8 {[%clk 1:12:52]} 15. Bf1
{[%clk 0:52:10]} Nb6 {[%clk 1:05:57]} 16. h4 {[%clk 0:45:35]} Nfd7
{[%clk 1:04:05]} 17. g5 {[%clk 0:44:56]} h5 {[%clk 1:04:03]} 18. Bf4
{[%clk 0:39:14]} Nc4 {[%clk 0:51:22]} 19. Qc1 {[%clk 0:31:29]} Bd6
{[%clk 0:46:20]} 20. Bxd6 {[%clk 0:11:55]} Nxd6 {[%clk 0:46:36]} 21. Qf4
{[%clk 0:12:20]} Nf8 {[%clk 0:44:59]} 22. Bh3 {[%clk 0:09:24]} Bc2
{[%clk 0:43:47]} 23. Nc5 {[%clk 0:08:31]} Ng6 {[%clk 0:39:06]} 24. Qd2
{[%clk 0:06:50]} Bf5 {[%clk 0:36:58]} 25. Nxb7 {[%clk 0:06:01]} Nxb7
{[%clk 0:37:16]} 26. Bxf5 {[%clk 0:06:22]} Nxh4 {[%clk 0:37:38]} 27. Bd3
{[%clk 0:06:22]} Nd6 {[%clk 0:31:39]} 28. e4 {[%clk 0:02:08]} Nxf3+
{[%clk 0:30:16]} 29. Rxf3 {[%clk 0:02:17]} dxe4 {[%clk 0:30:44]} 30. Rh3
{[%clk 0:02:04]} exd3 {[%clk 0:30:31]} 31. Rxh5 {[%clk 0:01:37]} g6
{[%clk 0:29:27]} 32. Rh3 {[%clk 0:00:49]} Ne4 {[%clk 0:27:30]} 33. Nxe4
{[%clk 0:00:38]} Rxe4 {[%clk 0:27:57]} 34. Rxd3 {[%clk 0:00:50]} Rg4+
{[%clk 0:28:05]} 35. Kf2 {[%clk 0:00:32]} Rxg5 {[%clk 0:26:14]} 36. Rh1
{[%clk 0:00:32]} Qd5 {[%clk 0:25:36]} 37. Rh2 {[%clk 0:00:41]} Re8
{[%clk 0:24:40]} 38. Re3 {[%clk 0:00:34]} Qf5+ {[%clk 0:12:19]} 39. Ke2
{[%clk 0:00:35]} Rd8 {[%clk 0:12:03]} 40. Reh3 {[%clk 0:00:32]} Qg4+
{[%clk 0:11:48]} 41. Ke3 {[%clk 0:29:38]} Rf5 {[%clk 0:21:47]} 42. Qc3
{[%clk 0:26:27]} Qg1+ {[%clk 0:17:32]} 43. Kd3 {[%clk 0:25:40]} Qd1+
{[%clk 0:16:00]} 44. Kc4 {[%clk 0:24:57]} Qxa4+ {[%clk 0:13:10]} 45. Kd3
{[%clk 0:25:02]} Qd1+ {[%clk 0:06:43]} 46. Kc4 {[%clk 0:25:07]} Rdd5
{[%clk 0:04:54]} 47. b4 {[%clk 0:22:11]} axb4 {[%clk 0:04:46]} 48. Qe3
{[%clk 0:21:59]} Rh5 {[%clk 0:01:23]} 49. Rxh5 {[%clk 0:20:16]} Rxh5
{[%clk 0:01:42]} 50. Rxh5 {[%clk 0:20:27]} Qc2+ {[%clk 0:01:25]} 51. Kxb4
{[%clk 0:19:39]} gxh5 {[%clk 0:01:46]} 52. Qg5+ {[%clk 0:19:00]} Qg6
{[%clk 0:01:57]} 53. Qd8+ {[%clk 0:19:14]} Kh7 {[%clk 0:01:38]} 54. Kc5
{[%clk 0:19:07]} Qe6 {[%clk 0:00:55]} 55. Qg5 {[%clk 0:17:02]} Qd5+
{[%clk 0:00:49]} 56. Qxd5 {[%clk 0:17:13]} cxd5 {[%clk 0:01:18]} 57. Kxd5
{[%clk 0:17:30]} h4 {[%clk 0:01:39]} 58. Ke4 {[%clk 0:17:49]} f5+
{[%clk 0:01:58]} 59. Kf3 {[%clk 0:16:14]} Kg6 {[%clk 0:02:14]} 60. Kg2
{[%clk 0:15:55]} f4 {[%clk 0:02:36]}  0-1

[Event "Olomouc Chess Summer 2022 - B2"]
[Site "Olomouc (CZE), Hotel Flora"]
[Date "2022.08.17"]
[Round "6"]
[Board "3"]
[White "Nemec, Jachym"]
[Black "Wiley, Tom E"]
[Result "1/2-1/2"]
[WhiteElo "2341"]
[BlackElo "2169"]
[PlyCount "0"]
[EventDate "2022.08.13"]
[EventRounds "9"]
[EventCountry "CZE"]

1. c4 {[%clk 1:30:54]} e6 {[%clk 1:30:27]} 2. Nc3 {[%clk 1:31:16]} d5
{[%clk 1:30:52]} 3. d4 {[%clk 1:31:40]} Nf6 {[%clk 1:31:14]} 4. cxd5
{[%clk 1:32:05]} exd5 {[%clk 1:31:37]} 5. Bg5 {[%clk 1:32:31]} Be7
{[%clk 1:31:25]} 6. e3 {[%clk 1:32:54]} c6 {[%clk 1:31:52]} 7. Bd3
{[%clk 1:33:03]} Nbd7 {[%clk 1:31:54]} 8. Qc2 {[%clk 1:33:13]} Nh5
{[%clk 1:30:13]} 9. Bxe7 {[%clk 1:33:27]} Qxe7 {[%clk 1:30:39]} 10. O-O-O
{[%clk 1:33:42]} g6 {[%clk 1:25:27]} 11. Kb1 {[%clk 1:33:10]} Nb6
{[%clk 1:25:33]} 12. h3 {[%clk 1:29:31]} Ng7 {[%clk 1:17:42]} 13. Nf3
{[%clk 1:29:53]} Bf5 {[%clk 1:12:02]} 14. e4 {[%clk 1:17:52]} dxe4
{[%clk 1:11:53]} 15. Bxe4 {[%clk 1:16:56]} Bxe4 {[%clk 1:05:22]} 16. Nxe4
{[%clk 1:16:48]} O-O-O {[%clk 1:03:56]} 17. Rhe1 {[%clk 1:15:52]} Nd5
{[%clk 1:00:53]} 18. Ne5 {[%clk 1:09:23]} Qc7 {[%clk 0:54:35]} 19. Qa4
{[%clk 1:01:17]} Kb8 {[%clk 0:52:22]} 20. Rd3 {[%clk 0:46:34]} f6
{[%clk 0:42:22]} 21. Nf3 {[%clk 0:41:10]} Rhe8 {[%clk 0:26:02]} 22. Ra3
{[%clk 0:39:37]} b6 {[%clk 0:25:24]} 23. Qd1 {[%clk 0:31:44]} Nf5
{[%clk 0:24:30]} 24. Rb3 {[%clk 0:28:04]} Ka8 {[%clk 0:24:14]} 25. g3
{[%clk 0:23:01]} Nd6 {[%clk 0:23:29]} 26. Nc3 {[%clk 0:18:47]} Rxe1
{[%clk 0:21:27]} 27. Nxe1 {[%clk 0:18:04]} Nf5 {[%clk 0:19:19]} 28. Nc2
{[%clk 0:17:19]} Qd7 {[%clk 0:16:11]} 29. Qf3 {[%clk 0:16:35]} Nde7
{[%clk 0:06:52]} 30. Ne2 {[%clk 0:15:24]} Qd5 {[%clk 0:06:13]} 31. g4
{[%clk 0:13:46]} Nd6 {[%clk 0:04:37]} 32. Nb4 {[%clk 0:10:53]} Qxf3
{[%clk 0:04:23]} 33. Rxf3 {[%clk 0:11:20]} a5 {[%clk 0:03:08]} 34. Nd3
{[%clk 0:08:56]} f5 {[%clk 0:02:57]} 35. Ne5 {[%clk 0:05:33]} Kb7
{[%clk 0:02:14]} 36. Nc3 {[%clk 0:04:03]} b5 {[%clk 0:01:57]} 37. Rd3
{[%clk 0:03:23]} Ne4 {[%clk 0:01:31]} 38. f3 {[%clk 0:02:09]} Nxc3+
{[%clk 0:01:34]} 39. bxc3 {[%clk 0:02:35]} Nd5 {[%clk 0:01:37]} 40. Kb2
{[%clk 0:02:17]} Nf4 {[%clk 0:00:43]} 41. Rd2 {[%clk 0:00:50]} c5
{[%clk 0:26:18]} 42. h4 {[%clk 0:26:43]} cxd4 {[%clk 0:24:58]} 43. cxd4
{[%clk 0:24:15]} Rd5 {[%clk 0:22:37]} 44. gxf5 {[%clk 0:23:14]} gxf5
{[%clk 0:23:00]} 45. Kc3 {[%clk 0:23:27]} Ng6 {[%clk 0:20:30]} 46. Nxg6
{[%clk 0:22:56]} hxg6 {[%clk 0:20:55]} 47. Rg2 {[%clk 0:21:44]} Rd6
{[%clk 0:20:37]} 48. d5 {[%clk 0:19:03]} Rxd5 {[%clk 0:21:02]} 49. Rxg6
{[%clk 0:19:30]} b4+ {[%clk 0:21:09]} 50. Kc2 {[%clk 0:11:47]} Re5
{[%clk 0:19:18]} 51. h5 {[%clk 0:11:11]} Re2+ {[%clk 0:19:04]} 52. Kb3
{[%clk 0:11:01]} Re3+ {[%clk 0:19:24]} 53. Ka4 {[%clk 0:09:13]} Rxf3
{[%clk 0:15:52]} 54. Kxa5 {[%clk 0:09:39]} Rh3 {[%clk 0:15:00]} 55. h6
{[%clk 0:09:27]} f4 {[%clk 0:13:52]} 56. Kxb4 {[%clk 0:06:56]} f3
{[%clk 0:13:37]} 57. Rf6 {[%clk 0:07:14]} f2 {[%clk 0:13:56]} 58. Rxf2
{[%clk 0:07:38]} Rxh6 {[%clk 0:14:21]}  1/2-1/2

[Event "Olomouc Chess Summer 2022 - B2"]
[Site "Olomouc (CZE), Hotel Flora"]
[Date "2022.08.17"]
[Round "6"]
[Board "4"]
[White "Paseka, Matyas"]
[Black "Biolek, Richard"]
[Result "1/2-1/2"]
[WhiteElo "2218"]
[BlackElo "2402"]
[PlyCount "0"]
[EventDate "2022.08.13"]
[EventRounds "9"]
[EventCountry "CZE"]

1. e4 {[%clk 1:30:57]} e5 {[%clk 1:30:46]} 2. Nf3 {[%clk 1:31:17]} Nc6
{[%clk 1:31:10]} 3. Bb5 {[%clk 1:31:39]} a6 {[%clk 1:31:35]} 4. Ba4
{[%clk 1:32:03]} Nf6 {[%clk 1:31:57]} 5. O-O {[%clk 1:32:24]} Be7
{[%clk 1:32:21]} 6. Re1 {[%clk 1:32:46]} b5 {[%clk 1:32:42]} 7. Bb3
{[%clk 1:33:09]} d6 {[%clk 1:33:04]} 8. c3 {[%clk 1:33:25]} O-O {[%clk 1:33:28]}
9. h3 {[%clk 1:33:47]} h6 {[%clk 1:33:47]} 10. d4 {[%clk 1:33:37]} Re8
{[%clk 1:33:39]} 11. Nbd2 {[%clk 1:31:52]} Bf8 {[%clk 1:32:14]} 12. Bc2
{[%clk 1:31:36]} g6 {[%clk 1:29:54]} 13. Nf1 {[%clk 1:28:19]} Bg7
{[%clk 1:29:48]} 14. Ng3 {[%clk 1:27:56]} Bd7 {[%clk 1:19:22]} 15. Be3
{[%clk 1:17:48]} Qe7 {[%clk 1:13:06]} 16. Qd2 {[%clk 1:16:48]} Kh7
{[%clk 1:12:03]} 17. Nh2 {[%clk 1:10:04]} d5 {[%clk 0:57:18]} 18. exd5
{[%clk 0:52:03]} Nxd5 {[%clk 0:56:47]} 19. dxe5 {[%clk 0:52:20]} Nxe3
{[%clk 0:56:54]} 20. Rxe3 {[%clk 0:52:24]} Bxe5 {[%clk 0:52:22]} 21. Rae1
{[%clk 0:52:14]} Rad8 {[%clk 0:39:26]} 22. f4 {[%clk 0:42:59]} Qd6
{[%clk 0:33:44]} 23. Qxd6 {[%clk 0:26:30]} Bxd6 {[%clk 0:34:10]} 24. Rxe8
{[%clk 0:25:31]} Rxe8 {[%clk 0:33:55]} 25. Rxe8 {[%clk 0:25:00]} Bxe8
{[%clk 0:34:12]} 26. Ne4 {[%clk 0:24:34]} Be7 {[%clk 0:29:33]} 27. Nf3
{[%clk 0:15:44]} f5 {[%clk 0:27:56]} 28. Nf2 {[%clk 0:15:53]} Kg7
{[%clk 0:25:12]} 29. Nd3 {[%clk 0:15:55]} Kf6 {[%clk 0:23:19]} 30. Kf2
{[%clk 0:15:13]} Bd6 {[%clk 0:22:00]} 31. g3 {[%clk 0:14:50]} g5 {[%clk 0:18:15]}
32. h4 {[%clk 0:14:33]} gxh4 {[%clk 0:17:32]} 33. Nxh4 {[%clk 0:14:52]} Bf7
{[%clk 0:17:40]} 34. Nxf5 {[%clk 0:13:52]} Kxf5 {[%clk 0:11:12]} 35. Ne5+
{[%clk 0:14:15]} Kf6 {[%clk 0:11:41]} 36. Nxc6 {[%clk 0:14:38]} Bc5+
{[%clk 0:11:24]} 37. Kf3 {[%clk 0:13:32]} Bd5+ {[%clk 0:06:32]} 38. Be4
{[%clk 0:13:57]} Bxa2 {[%clk 0:06:55]} 39. Nb8 {[%clk 0:14:17]} Bd6
{[%clk 0:05:40]} 40. Nxa6 {[%clk 0:14:35]} c5 {[%clk 0:04:25]} 41. b4
{[%clk 0:14:49]} cxb4 {[%clk 0:04:40]} 42. Nxb4 {[%clk 0:15:12]} Bc4
{[%clk 0:03:21]} 43. Nc2 {[%clk 0:10:27]} Bc5 {[%clk 0:29:42]} 44. g4
{[%clk 0:37:44]} Be6 {[%clk 0:23:19]} 45. Bd3 {[%clk 0:33:49]} Bd7
{[%clk 0:21:01]} 46. Nb4 {[%clk 0:33:58]} Bd6 {[%clk 0:18:16]} 47. Be2
{[%clk 0:32:41]} Kf7 {[%clk 0:15:13]} 48. Ke4 {[%clk 0:31:27]} Bf8
{[%clk 0:15:40]} 49. Bf3 {[%clk 0:30:53]} Ke6 {[%clk 0:14:03]} 50. Kd3
{[%clk 0:20:57]} Kd6 {[%clk 0:13:42]} 51. Nc2 {[%clk 0:20:01]} Kc5
{[%clk 0:13:00]} 52. Nd4 {[%clk 0:16:44]} Bg7 {[%clk 0:13:19]} 53. f5
{[%clk 0:15:28]} Bf6 {[%clk 0:12:29]} 54. Be2 {[%clk 0:10:36]} Kd5
{[%clk 0:11:24]} 55. Nf3 {[%clk 0:08:27]} h5 {[%clk 0:09:35]} 56. gxh5
{[%clk 0:07:37]} Bxf5+ {[%clk 0:09:55]} 57. Kd2 {[%clk 0:07:47]} Bg4
{[%clk 0:09:38]} 58. Nd4 {[%clk 0:05:41]} Bxh5 {[%clk 0:08:17]} 59. Bxh5
{[%clk 0:05:41]}  1/2-1/2

[Event "Olomouc Chess Summer 2022 - B2"]
[Site "Olomouc (CZE), Hotel Flora"]
[Date "2022.08.18"]
[Round "7"]
[Board "2"]
[White "Biolek, Richard"]
[Black "Saypuri, Srithan"]
[Result "1/2-1/2"]
[WhiteElo "2402"]
[BlackElo "2045"]
[PlyCount "0"]
[EventDate "2022.08.13"]
[EventRounds "9"]
[EventCountry "CZE"]

1. g3 {[%clk 1:30:56]} Nf6 {[%clk 1:27:38]} 2. Bg2 {[%clk 1:31:10]} g6
{[%clk 1:27:54]} 3. Nf3 {[%clk 1:31:32]} Bg7 {[%clk 1:28:20]} 4. b3
{[%clk 1:31:45]} Ne4 {[%clk 1:23:16]} 5. c3 {[%clk 1:28:57]} d5 {[%clk 1:15:29]}
6. Bb2 {[%clk 1:27:24]} c6 {[%clk 1:06:39]} 7. d3 {[%clk 1:27:09]} Nd6
{[%clk 1:07:05]} 8. O-O {[%clk 1:26:45]} O-O {[%clk 1:06:50]} 9. Nbd2
{[%clk 1:25:31]} Re8 {[%clk 1:02:08]} 10. e4 {[%clk 1:24:53]} Bg4
{[%clk 0:59:08]} 11. h3 {[%clk 1:24:27]} Bxf3 {[%clk 0:57:09]} 12. Qxf3
{[%clk 1:24:11]} dxe4 {[%clk 0:57:24]} 13. dxe4 {[%clk 1:18:06]} Nd7
{[%clk 0:57:29]} 14. Rfd1 {[%clk 1:15:17]} Qb6 {[%clk 0:52:45]} 15. Qe2
{[%clk 1:08:25]} Rad8 {[%clk 0:51:57]} 16. a4 {[%clk 0:59:15]} a5
{[%clk 0:44:36]} 17. Rab1 {[%clk 0:53:31]} Nc5 {[%clk 0:36:33]} 18. Ba1
{[%clk 0:49:46]} Qc7 {[%clk 0:25:17]} 19. Qe3 {[%clk 0:42:24]} b6
{[%clk 0:24:15]} 20. Bf1 {[%clk 0:39:46]} e5 {[%clk 0:20:36]} 21. Nc4
{[%clk 0:28:29]} Nxc4 {[%clk 0:14:12]} 22. Bxc4 {[%clk 0:28:42]} Rxd1+
{[%clk 0:13:50]} 23. Rxd1 {[%clk 0:29:10]} Rd8 {[%clk 0:14:09]} 24. Rxd8+
{[%clk 0:27:54]} Qxd8 {[%clk 0:14:35]} 25. Qf3 {[%clk 0:28:00]} Qf6
{[%clk 0:14:34]} 26. Kg2 {[%clk 0:22:56]} Qxf3+ {[%clk 0:14:42]} 27. Kxf3
{[%clk 0:23:24]} Bh6 {[%clk 0:13:08]} 28. Bb2 {[%clk 0:23:48]} Kg7
{[%clk 0:10:55]} 29. h4 {[%clk 0:10:50]} Kf6 {[%clk 0:09:00]} 30. g4
{[%clk 0:11:01]} Bf4 {[%clk 0:09:22]} 31. g5+ {[%clk 0:08:41]} Kg7
{[%clk 0:09:46]} 32. Ba3 {[%clk 0:07:30]} Bd2 {[%clk 0:09:11]} 33. Bxc5
{[%clk 0:05:37]} bxc5 {[%clk 0:09:38]} 34. Bb5 {[%clk 0:04:11]} Bxc3
{[%clk 0:08:29]} 35. Bxc6 {[%clk 0:04:40]} f6 {[%clk 0:08:50]}  1/2-1/2